| 000 | 00488nam a22001937a 4500 | ||
|---|---|---|---|
| 003 | NUST - PNEC | ||
| 005 | 20170116180803.0 | ||
| 008 | 150417b xxu||||| |||| 00| 0 eng d | ||
| 020 | _a- | ||
| 040 | _cLIBRARY | ||
| 082 | _a306.9549 JAM | ||
| 100 |
_92739 _a Jalibi Jamil |
||
| 245 |
_aPakistan, the identity of culture _cJamil Jalibi |
||
| 250 | _a1st ed | ||
| 260 |
_aKarachi _b Royal Book Co _cc1984. |
||
| 300 | _a213p. : | ||
| 650 |
_92740 _aIslam _xGeneral |
||
| 942 |
_2ddc _cBK |
||
| 999 |
_c63064 _d63064 |
||